What's Yours Is Mine Against the Sharing Economy

Saved in:
Bibliographic Details
Main Author: Slee, Tom
Format: Book
Language:English
Published: New York OR Books 2017
Subjects:
Tags: Add Tag
No Tags, Be the first to tag this record!

MARC

LEADER 00000nam a2200000 4500
001 0247440
005 20240221113315.4
020 |a 978-1-944869-37-3 
041 0 |a eng 
044 |a US 
245 1 0 |a What's Yours Is Mine  |b Against the Sharing Economy  |c Tom Slee 
264 1 |a New York  |b OR Books  |c 2017 
300 |a 223 s. 
610 2 0 |a podnikanie 
610 2 0 |a podnikanie elektronické 
610 2 0 |a služby elektronické 
610 2 0 |a digitalizácia 
610 2 0 |a technológie nové 
610 2 0 |a internet 
610 2 0 |a spoločnosti 
610 2 0 |a obchod elektronický 
100 1 |a Slee, Tom